00231nam a2200097Ia 4500008004100000100000900041245002700050260003200077942000700109999001700116190216s9999||||xx |||||||||||||| ||und|| aNull 0aHindi-Hindi Gadya Suda b"Kitab Bhavan, New Delhi-2" cBK c17505d17505